| 000 | 00750nam a2200241Ia 4500 | ||
|---|---|---|---|
| 999 |
_c1633 _d1633 |
||
| 003 | DO-SdBJH | ||
| 005 | 20181031170418.0 | ||
| 008 | 171116s9999 dr 000 0 spa d | ||
| 020 | _a978-9945-13-118-5 | ||
| 040 |
_aDO-SdBJH _bspa _cDO-SdBJH |
||
| 041 | _bspa | ||
| 082 |
_aRD 303.4 _b H557g 2009 |
||
| 100 | 1 | _aHernández Fortuna, Arsenio | |
| 245 | 1 | 0 |
_aEl gran cambio social / _c Arsenio Hernández Fortuna |
| 260 |
_aSanto Domingo : _bMediabyte, _c2009 |
||
| 300 | _a182 páginas | ||
| 504 | _aContiene referencias bibliográficas e índice | ||
| 650 | 4 | _aCambio social -- aspectos políticos | |
| 650 | 4 | _a aspectos sociales | |
| 942 |
_2ddc _cBK |
||